000 00596cam a22002173a 4500
001 43872
003 PGUSA
005 20140828084011.0
008 131002s2013||||xxu|||||s|||||000 | eng d
040 _aPGUSA
_beng
042 _adc
100 1 _aWheeler, F. G.
245 1 0 _aBilly Whiskers' Travels
_h[electronic resource] /
_cF. G. Wheeler
260 _bProject Gutenberg,
_c2013
506 _aPublic domain in the USA.
516 _aElectronic text
700 1 _aWilliams, Carll B.
830 0 _aProject Gutenberg
_v43872
856 4 0 _uhttp://www.gutenberg.org/ebooks/43872
942 _cEB
999 _c273123
_d273123